000 00258nam a2200109Ia 4500
008 190216s9999||||xx |||||||||||||| ||und||
100 _aSurya Kanth Thripathi
245 0 _aHindi - Kale Karname
260 _bSabda Shristi
_c2002
300 _a64
942 _cBK
999 _c16942
_d16942